Statystyki dla Wszystkie mecze Polski na Mistrzostwach Świata w piłce nożnej

Kliknij tutaj aby rozwiązać quiz!

Ogólne statystyki

  • Ten quiz został rozwiązany 562 razy
    (261 od ostatniego zresetowania)
  • Średni wynik to 31 z 38

Statystyki odpowiedzi

RokWynikReprezentacja% Poprawnych
20221-3Francja
100%
19823-2Francja
100%
19780-2Argentyna
98%
20220-2Argentyna
98%
19743-2Argentyna
98%
20060-1Niemcy
97%
19740-1Republika Federalna Niemiec
97%
19780-0Republika Federalna Niemiec
97%
19860-4Brazylia
96%
19781-3Brazylia
96%
19385-6Brazylia
96%
19741-0Brazylia
96%
19783-1Meksyk
96%
20220-0Meksyk
96%
20181-0Japonia
95%
20222-0Arabia Saudyjska
94%
20181-2Senegal
91%
20180-3Kolumbia
90%
20020-4Portugalia
88%
19861-0Portugalia
88%
20023-1Stany Zjednoczone
87%
19820-0Związek Radziecki
86%
19742-1Włochy
85%
19820-2Włochy
85%
19820-0Włochy
85%
19860-3Anglia
78%
20020-2Korea Południowa
78%
20060-2Ekwador
70%
19747-0Haiti
68%
19741-0Szwecja
68%
19823-0Belgia
66%
20062-1Kostaryka
64%
19781-0Peru
58%
19825-1Peru
58%
19742-1Jugosławia
52%
19820-0Kamerun
42%
19860-0Maroko
42%
19781-0Tunezja
35%

Rozkład punktacji

Percentyl według liczby udzielonych odpowiedzi

Procent ludzi z każdym wynikiem

Twoja historia wyników

Nie rozwiązałeś tego quizu od ostatniego zresetowania